000 00871nam a2200277Ia 4500
003 OSt
005 20220930075802.0
006 a|||||r|||| 00| 0
007 ta
008 220926b |||||||| |||| 00| 0 hin d
024 _a83779
037 _cTheses
040 _aCRL
_cCRL
_bhin
041 _2hin
_ahin
100 _aSharma Snandan
_9537389
110 _aUniversity of Delhi. Faculty of Arts. Department of Sanskrit
245 0 _aDr. Srinath Sripad Hasurkar ke upanyason ka alochnatmak adhyayan
260 _c2004
300 _a376p.
_ap.
_ccm.
650 _aSANSKRIT
700 _a Dr. Vandita Arora Gu.
_9537390
700 _a Prof. Usha Chaudhary Gu.
_9537391
700 _aUniversity of Delhi. Faculty of Arts. Department of Sanskrit
942 _cDIS
_2CC
999 _c868797
_d868797